Logique - Mort Subite #11 - Statistiques

Statistiques générales
  • Ce quiz a été pris 243 fois
  • Le résultat moyen est 7 sur 23
Answers on the Grid
Answers color-coded by a green-red scale on the quiz's grid according to % correct below.
Ecart
Viticole
Ressasser
Port
Barreau
Chaise
Asile
Erie
Rein
Pied
Bob
Mort
Pop
Made
Libre
Sarras
Jetpunk
Grue
Nolan
Nappe
Été
Rêver
Ici
Servir
Verre
Pots
Kayak
Aval
Lion
Tâte
Rats
Élu par cette crapule
Rab
Pizza
Soda
Nez
 
Statistiques - réponses
Réponse % Correct
Ecart
51%
Port
42%
Bob
39%
Ressasser
38%
Été
35%
Ici
34%
Asile
33%
Élu par cette crapule
33%
Kayak
33%
Pop
32%
Rein
31%
Rêver
31%
Sarras
30%
Nez
28%
Aval
26%
Rab
26%
Erie
25%
Made
25%
Rats
25%
Tâte
25%
Pots
23%
Soda
23%
Libre
9%
Aucun quiz correspondant
Distribution des résultats
% des personnes avec chaque résultat
Percentile par nombre de réponses
Votre historique - résultats
Vous n’avez pas pris ce quiz